Adenosine triphosphate and microbial biomass in soil (Record no. 45320)

MARC details
000 -LEADER
fixed length control field 00393nam a2200145Ia 4500
100 ## - MAIN ENTRY--AUTHOR NAME
Personal name Jenkinson D S
245 #0 - TITLE STATEMENT
Title Adenosine triphosphate and microbial biomass in soil
260 ## - PUBLICATION, DISTRIBUTION, ETC. (IMPRINT)
Name of publisher Soil Biology and Biochemistry
Year of publication 1979
300 ## - PHYSICAL DESCRIPTION
Number of Pages 521-527
650 ## - SUBJECT ADDED ENTRY--TOPICAL TERM
Topical Term Microbial biomass
700 ## - ADDED ENTRY--PERSONAL NAME
Personal name Davidson S A
700 ## - ADDED ENTRY--PERSONAL NAME
Personal name Powlson D S
942 ## - ADDED ENTRY ELEMENTS (KOHA)
Koha item type Reprints
Holdings
Withdrawn status Lost status Damaged status Not for loan Home library Current library Shelving location Date acquired Serial Enumeration / chronology Accession Number Koha item type
      Reprints RRII Library RRII Library Agronomy 22/12/2021 Volume 11, Issue P01407 Reprints